Online
Catalog

Mar abierto : (Record no. 8556)

MARC details
000 -CABECERA
campo de control de longitud fija 00681cam a2200193 a 4500
001 - NÚMERO DE CONTROL
campo de control 000008787
005 - FECHA Y HORA DE LA ÚLTIMA TRANSACCIÓN
campo de control 20200929161417.0
008 - DATOS DE LONGITUD FIJA--INFORMACIÓN GENERAL
campo de control de longitud fija 980514s1997 ec a 000 f spa
040 ## - FUENTE DE LA CATALOGACIÓN
Centro catalogador/agencia de origen DO-SdBNP
Centro/agencia transcriptor DLC
082 ## - NÚMERO DE LA CLASIFICACIÓN DECIMAL DEWEY
Número de clasificación E863.44
Número de documento/Ítem B423m
100 1# - ENTRADA PRINCIPAL--NOMBRE DE PERSONA
Nombre de persona Béjar Portilla, Carlos,
Fechas asociadas al nombre 1938-
9 (RLIN) 23330
245 10 - MENCIÓN DE TÍTULO
Título Mar abierto :
Resto del título novela /
Mención de responsabilidad, etc. Carlos Béjar Portilla.
260 ## - PUBLICACIÓN, DISTRIBUCIÓN, ETC.
Lugar de publicación, distribución, etc. Quito, (Ecuador) :
Nombre del editor, distribuidor, etc. Eskeletra,
Fecha de publicación, distribución, etc. c1997.
300 ## - DESCRIPCIÓN FÍSICA
Extensión 204 p. :
Otras características físicas il. ;
Dimensiones 20 cm.
586 ## - NOTA DE PREMIOS
Nota de premios Primer premio concurso nacional de novela "Ismael Pérez Pazmiño, Diario Universo, 1996.
650 #4 - PUNTO DE ACCESO ADICIONAL DE MATERIA--TÉRMINO DE MATERIA
Término de materia o nombre geográfico como elemento de entrada Novela ecuatoriana
9 (RLIN) 5017
650 #4 - PUNTO DE ACCESO ADICIONAL DE MATERIA--TÉRMINO DE MATERIA
Término de materia o nombre geográfico como elemento de entrada Literatura ecuatoriana
Subdivisión cronológica SIGLO XX
9 (RLIN) 14420
910 ## - DATOS DE OPCIÓN DEL USUARIO (OCLC)
Datos de opción del usuario Catalogación por copia / LC
Holdings
Estado de retiro Estado de pérdida Restricciones de uso No para préstamo Código de colección Localización permanente Ubicación/localización actual Ubicación en estantería Fecha de adquisición Número de inventario Total de préstamos Signatura topográfica completa Código de barras Fecha visto por última vez Precio válido a partir de Tipo de ítem Koha
    Préstamo interno   Monografías: Libros y Folletos General General En catalogación 18.09.2009 LF1   E863.44 B423m 8787-10 25.06.2020 25.06.2020 Préstamo interno

Powered by Koha